Marketing magazine

Guardado en:
Detalles Bibliográficos
Formato: Seriadas
Lenguaje:checo
eslovaco
Publicado: Praha ADORE 1999
Materias:
Etiquetas: Agregar Etiqueta
Sin Etiquetas, Sea el primero en etiquetar este registro!

MARC

LEADER 00000nas2a2200000 4500
001 s123845
005 20231103122527.9
022 |a 1211-7315 
041 0 |a cze 
041 0 |a slo 
044 |a CZ 
245 1 0 |a Marketing magazine 
264 1 |a Praha  |b ADORE  |c 1999 
300 |a 2 zv. 
773 0 |w eu_un_cat*s122062 
610 2 0 |a marketing